000 00583nam a2200217 a 4500
999 _c837
_d837
008 191104t2004 ii b|||g |||| 00| 0 eng d
020 _a9780143031055
_cRs. 699.00
040 _aKO
_beng
041 0 _aeng
044 _aii
082 0 4 _223
_a909
_bN315
100 1 _aNehru, Jawaharlal
245 1 0 _aGlimpses of World History /
_cJawaharlal Nehru
260 _aNew Delhi :
_bPenguin Books India Pvt. Ltd. ,
_c2004
300 _axxxvii, 1155 p. :
_bill. ;
_c23 cm.
504 _aIncludes Index.
650 0 _aCivilization
_xHistory
904 _aA_BOSE
942 _cBK